01236 2200313 4500001002100000005001500021035002000036007000300056008004100059020002200100082001000122084001900132100001700151245011700168250003100285300004500316650001700361700002900378700003700407520030500444264003500749336002100784337003000805338002300835990001600858990001600874990001600890990001600906INLIS00000000116240020221026021227 a0010-1022000268ta221026 g 0 ind  a978-979-593-359-5 a495.1 aSR 495.1 SHI m1 aShin, Edysen1 aMandarin for office :bmandarin-indonesia-inggris /cEdysen Shin; penyunting, Tri May Hadi, Astrida Paramitasari aCetakan ke-2, Oktober 2019 axviii, 302 halaman :bilustrasi ;c20 cm 4aBahasa China0 aTri May Hadiepenyunting0 aAstrida Paramitasariepenyunting aBuku ini dirancang untuk memenuhi kebutuhan bahasa yang dipakai dalam dunia perkantoran, perdagangan dan usaha. Kita akan menemukan istilah-istilah pemasaran, produk, waktu, nama departemen yang ada di perusahaan, pekerjaan, kantor bahkan data lengkap negara-negara di dunia beserta nama ibu kotanya. aBekasi :bKesaint Blanc,c2019 2rdacontentateks 2rdamediaatanpa perantara 2rdacarrieravolume a50235.63055 a50236.63056 a50236.63056 a50235.63055